banner-ar

الاسلاميون والديمقراطية فى مصر : (Record no. 9513)

MARC details
000 -الفاتح
حقل البيانات ثابتة الطول 01039nam a2200265Ia 4500
008 - عناصر البيانات ثابتة الطول - معلومات عامة
حقل البيانات ثابتة الطول 140319s9999 xx 000 0 ara d
020 ## - الرقم الدولى المعيارى للكتب
الرقم الدولى المعيارى للكتاب 628208977
040 ## - مصدر الفهرسة
وكالة الفهرسة الأصلية GCL /
وكالة النسخ GCL
082 04 - رقم تصنيف ديوى العشرى
رقم التصنيف ق
رقم المادة 328.0962
-- ع إ
100 1# - المدخل الرئيسى - إسم شخصى
الإسم الشخصى عبدالله سامى ابراهيم الدلال
245 10 - بيان العنوان
العنوان الاسلاميون والديمقراطية فى مصر :
بقية العنوان عصف ورميم /
بيان المسئوليه,etc عبدالله سامى ابراهيم الدلال
250 ## - بيان الطبعة
بيان الطبعة الاولى
260 ## - PUBLICATION, DISTRIBUTION, ETC. (IMPRINT)
تاريخ النشر أو التوزيع 2007
300 ## - الوصف المادى
التعداد 324 ص ؛
أبعاد الوعاء 24 سم
650 04 - المدخل الاضافى بالموضوع-مصطلح موضوعى
مصطلح موضوعي مصر - الهيئات التشريعية
650 04 - المدخل الاضافى بالموضوع-مصطلح موضوعى
مصطلح موضوعي حسن البنا
650 04 - المدخل الاضافى بالموضوع-مصطلح موضوعى
مصطلح موضوعي الانتخابات - مصر
650 04 - المدخل الاضافى بالموضوع-مصطلح موضوعى
مصطلح موضوعي مصر - الدستور
650 04 - المدخل الاضافى بالموضوع-مصطلح موضوعى
مصطلح موضوعي الديمقراطية - مصر
650 04 - المدخل الاضافى بالموضوع-مصطلح موضوعى
مصطلح موضوعي الاخوان المسلمون - مصر
650 04 - المدخل الاضافى بالموضوع-مصطلح موضوعى
مصطلح موضوعي مصر - الهيئات التشريعية - الجماعات الضاغطة
650 04 - المدخل الاضافى بالموضوع-مصطلح موضوعى
مصطلح موضوعي الشريعة الاسلامية - تاريخ - مصر
942 ## - عناصر المدخل الإضافي( كوها)
مصدر التصنيف او مخطط الترفيف Dewey Decimal Classification
Koha [default] item type كتاب
260 ## - PUBLICATION, DISTRIBUTION, ETC. (IMPRINT)
-- القاهرة :
-- مكتبة مدبولى ،
Holdings
حالة التراجع حالة الفقد حالة تلف ليس للاعارة المكان المؤقت الموقع الحالى تاريخ الاكتساب اجمالي اﻻعارات رقم الطلب الباركود تاريخ اخر مشاهدة تاريخ تفعيل السعر نوع وعاء كوها
        مكتبة القاهرة الكبرى مكتبة القاهرة الكبرى 03/26/2014   ق\328.0962\ع إ 19818 03/26/2014 03/26/2014 كتاب
        مكتبة القاهرة الكبرى مكتبة القاهرة الكبرى 03/26/2014   ق\328.0962\ع إ 19819 10/05/2022 03/26/2014 كتاب

Powered By

EGPV